header

secondary mathematics (Record no. 251822)

MARC details
000 -LEADER
fixed length control field 00265nam a22001217a 4500
020 ## - INTERNATIONAL STANDARD BOOK NUMBER
ISBN 9966445382
100 ## - MAIN ENTRY--AUTHOR NAME
Personal name ministry of education
245 ## - TITLE STATEMENT
Title secondary mathematics
250 ## - EDITION STATEMENT
Edition statement 3rd edition
260 ## - PUBLICATION, DISTRIBUTION, ETC. (IMPRINT)
Place of publication kenya
Name of publisher klb
Year of publication 2006
300 ## - PHYSICAL DESCRIPTION
Number of Pages 353
Other physical details ill
942 ## - ADDED ENTRY ELEMENTS (KOHA)
Koha item type Long Loan Books
Holdings
Withdrawn status Lost status Collection code Home library Current library Shelving location Date acquired Koha item type
    Non-fiction Rongo University Library Rongo University Library General Stacks 13/01/2016 Long Loan Books

© 2026 Rongo University
Contact us: librarian | system librarian | Rongo university